00245nam a2200097Ia 4500008004100000100002200041245004800063260001500111260000900126546001200135170619s9999 xx 000 0 und d aAbramovici- Miron 0aDigital Systems Testing and Testable Design bJaico Pub. c2010 aENGLISH